| 000 | 00362 a2200169 4500 | ||
|---|---|---|---|
| 001 | 186697 | ||
| 020 | _a85-16-01764-8 | ||
| 040 | _cMagnum | ||
| 100 | _aRodrigues, Rosicler Martins | ||
| 240 | 1 | 0 |
_aA vida da aranha _lpor |
| 245 | 1 | 0 | _aA vida da aranha |
| 300 | _a45 | ||
| 362 | 0 | _a1997 | |
| 440 | 1 | _aModerna | |
| 697 | _aLITERATURA INFANTO | ||
| 942 | _cBK | ||
| 999 |
_c186697 _d186697 |
||